Python для всех. Обработка данных с использованием Python 3: пер. с англ.

書目詳細資料
主要作者: Северанс Ч. Р. Чарльз Р.
其他作者: Снастин А. В. (переводчик)
總結:Краткий и четкий стиль изложения позволит быстро усвоить основные принципы программирования. Ознакомившись с базовыми функциональными свойствами языка Python, читатель перейдет к изучению тонких приемов его применения. В многочисленных примерах и упражнениях показана реализациячасто применяемых алгоритмов, шаблонами программирования и разнообразных структур данных. Особое внимание уделяется методам обработки сетевых данных и взаимодействия с реляционными базами данных. Почти в каждой главе читатель найдет полезные советы по отладке программ – обнаружению и исправлению ошибок. Издание предназначено для широкого круга читателей, которые, не являясь профессиональными программистами, тем не менее хотели бы освоить языкпрограммирования Python и использовать его в своей области деятельности.
語言:俄语
出版: Москва, ДМК Пресс, 2022
主題:
格式: 圖書
KOHA link:https://koha.lib.tpu.ru/cgi-bin/koha/opac-detail.pl?biblionumber=348028

MARC

LEADER 00000nam0a2200000 4500
001 348028
005 20231102010050.0
010 |a 9785937001047 
035 |a (RuTPU)RU\TPU\book\379988 
090 |a 348028 
100 |a 20221011d2022 km y0rusy50 ca 
101 1 |a rus  |c eng 
102 |a RU 
105 |a a z 001zy 
200 1 |a Python для всех. Обработка данных с использованием Python 3  |e пер. с англ.  |f Ч. Р. Северанс  |g пер. А. В. Снастин 
210 |a Москва  |c ДМК Пресс  |d 2022 
215 |a 261 с.  |c ил. 
320 |a Предм. указ.: с. 255-261 
330 |a Краткий и четкий стиль изложения позволит быстро усвоить основные принципы программирования. Ознакомившись с базовыми функциональными свойствами языка Python, читатель перейдет к изучению тонких приемов его применения. В многочисленных примерах и упражнениях показана реализациячасто применяемых алгоритмов, шаблонами программирования и разнообразных структур данных. Особое внимание уделяется методам обработки сетевых данных и взаимодействия с реляционными базами данных. Почти в каждой главе читатель найдет полезные советы по отладке программ – обнаружению и исправлению ошибок. Издание предназначено для широкого круга читателей, которые, не являясь профессиональными программистами, тем не менее хотели бы освоить языкпрограммирования Python и использовать его в своей области деятельности. 
510 1 |a Python for Everybody. Exploring Data Using Python 3  |z eng 
606 1 |a Python  |2 stltpush  |3 (RuTPU)RU\TPU\subj\80204  |9 87977 
610 1 |a языки программирования 
610 1 |a переменные 
610 1 |a логические операторы 
610 1 |a случайные числа 
610 1 |a итерации 
610 1 |a сетевые программы 
610 1 |a веб-сервисы 
610 1 |a SQL 
610 1 |a кортежи 
675 |a 004.432  |v 4 
700 1 |a Северанс  |b Ч. Р.  |g Чарльз Р. 
702 1 |a Снастин  |b А. В.  |4 730 
801 1 |a RU  |b 63413507  |c 20221011 
801 2 |a RU  |b 63413507  |c 20221129  |g RCR 
942 |c BK 
959 |a 17/20221011  |d 5  |e 849,00  |f УФ:4  |f ЧЗТЛ:1